[Event "1st 4NCL Easter Congress"]
[Site "Stevenage"]
[Date "2019.04.21"]
[Round "4"]
[Board "5"]
[White "Gibson, Christopher A"]
[Black "Gogia, Armaan"]
[Result "1/2-1/2"]
[WhiteElo "1887"]
[BlackElo "1816"]
[PlyCount "0"]
[EventDate "2019.04.19"]
[EventRounds "7"]
[EventCountry "ENG"]

1. e4 {[%clk 01:30:56]} {[%emt 00:00:03]} c5 {[%clk 01:30:54]} {[%emt
00:00:07]} 2. Nf3 {[%clk 01:31:11]} {[%emt 00:00:14]} d6 {[%clk 01:31:19]}
{[%emt 00:00:07]} 3. d4 {[%clk 01:31:34]} {[%emt 00:00:07]} cxd4 {[%clk
01:31:33]} {[%emt 00:00:16]} 4. Nxd4 {[%clk 01:31:55]} {[%emt 00:00:09]} Nf6
{[%clk 01:31:58]} {[%emt 00:00:05]} 5. Nc3 {[%clk 01:32:12]} {[%emt 00:00:12]}
a6 {[%clk 01:32:20]} {[%emt 00:00:08]} 6. Be2 {[%clk 01:32:25]} {[%emt
00:00:17]} e5 {[%clk 01:32:46]} {[%emt 00:00:05]} 7. Nb3 {[%clk 01:32:46]}
{[%emt 00:00:08]} Be6 {[%clk 01:33:10]} {[%emt 00:00:06]} 8. Be3 {[%clk
01:32:14]} {[%emt 00:01:02]} Be7 {[%clk 01:33:37]} {[%emt 00:00:04]} 9. O-O
{[%clk 01:32:28]} {[%emt 00:00:14]} O-O {[%clk 01:34:03]} {[%emt 00:00:04]} 10.
Qd2 {[%clk 01:32:39]} {[%emt 00:00:19]} Nbd7 {[%clk 01:34:27]} {[%emt
00:00:06]} 11. a4 {[%clk 01:32:59]} {[%emt 00:00:10]} Qc7 {[%clk 01:34:43]}
{[%emt 00:00:14]} 12. a5 {[%clk 01:24:07]} {[%emt 00:09:23]} b5 {[%clk
01:14:52]} {[%emt 00:20:21]} 13. axb6 {[%clk 01:16:17]} {[%emt 00:08:21]} Nxb6
{[%clk 01:14:45]} {[%emt 00:00:37]} 14. Bxb6 {[%clk 00:47:05]} {[%emt
00:29:41]} Qxb6 {[%clk 01:15:01]} {[%emt 00:00:14]} 15. Nd5 {[%clk 00:39:02]}
{[%emt 00:08:32]} Bxd5 {[%clk 01:04:51]} {[%emt 00:10:40]} 16. exd5 {[%clk
00:39:25]} {[%emt 00:00:07]} Ne4 {[%clk 01:05:18]} {[%emt 00:00:03]} 17. Qd3
{[%clk 00:38:47]} {[%emt 00:01:08]} Nc5 {[%clk 01:04:46]} {[%emt 00:01:02]} 18.
Nxc5 {[%clk 00:29:04]} {[%emt 00:10:13]} Qxc5 {[%clk 01:03:50]} {[%emt
00:01:27]} 19. Ra3 {[%clk 00:20:29]} {[%emt 00:09:05]} Bf6 {[%clk 00:56:04]}
{[%emt 00:08:17]} 20. c3 {[%clk 00:18:04]} {[%emt 00:02:54]} a5 {[%clk
00:54:53]} {[%emt 00:01:41]} 21. Rfa1 {[%clk 00:15:59]} {[%emt 00:02:36]} Qb6
{[%clk 00:42:36]} {[%emt 00:12:46]} 22. b4 {[%clk 00:14:35]} {[%emt 00:01:53]}
e4 {[%clk 00:41:54]} {[%emt 00:01:13]} 23. Qxe4 {[%clk 00:14:31]} {[%emt
00:00:34]} Rae8 {[%clk 00:41:50]} {[%emt 00:00:34]} 24. Qf3 {[%clk 00:07:41]}
{[%emt 00:07:19]} axb4 {[%clk 00:40:03]} {[%emt 00:02:17]} 25. Rb1 {[%clk
00:07:51]} {[%emt 00:00:20]} Qc5 {[%clk 00:38:39]} {[%emt 00:01:54]} 26. cxb4
{[%clk 00:08:00]} {[%emt 00:00:22]} Qc2 {[%clk 00:38:47]} {[%emt 00:00:21]} 27.
Re1 {[%clk 00:07:02]} {[%emt 00:01:27]} Qd2 {[%clk 00:36:56]} {[%emt 00:02:22]}
28. Kf1 {[%clk 00:07:19]} {[%emt 00:00:12]} Qxb4 {[%clk 00:36:05]} {[%emt
00:01:22]} 29. Re3 {[%clk 00:07:39]} {[%emt 00:00:10]}  1/2-1/2

[Event "1st 4NCL Easter Congress"]
[Site "Stevenage"]
[Date "2019.04.21"]
[Round "4"]
[Board "6"]
[White "Cherupalli, Ramprasad"]
[Black "Somton, Anita"]
[Result "1-0"]
[WhiteElo "1859"]
[BlackElo "1780"]
[PlyCount "0"]
[EventDate "2019.04.19"]
[EventRounds "7"]
[EventCountry "ENG"]

1. d4 {[%clk 01:30:45]} {[%emt 00:00:14]} d5 {[%clk 01:30:48]} {[%emt
00:00:13]} 2. Nf3 {[%clk 01:31:07]} {[%emt 00:00:07]} Nf6 {[%clk 01:31:05]}
{[%emt 00:00:13]} 3. g3 {[%clk 01:30:41]} {[%emt 00:00:55]} e6 {[%clk
01:30:49]} {[%emt 00:00:47]} 4. Bg2 {[%clk 01:31:03]} {[%emt 00:00:08]} Be7
{[%clk 01:31:08]} {[%emt 00:00:11]} 5. O-O {[%clk 01:30:45]} {[%emt 00:00:48]}
O-O {[%clk 01:31:27]} {[%emt 00:00:11]} 6. b3 {[%clk 01:30:38]} {[%emt
00:00:37]} Nbd7 {[%clk 01:31:20]} {[%emt 00:00:38]} 7. Bb2 {[%clk 01:30:56]}
{[%emt 00:00:11]} b6 {[%clk 01:29:49]} {[%emt 00:02:02]} 8. c4 {[%clk
01:28:07]} {[%emt 00:03:18]} Bb7 {[%clk 01:29:41]} {[%emt 00:00:39]} 9. Nc3
{[%clk 01:28:06]} {[%emt 00:00:31]} dxc4 {[%clk 01:25:34]} {[%emt 00:04:37]} 10.
bxc4 {[%clk 01:28:18]} {[%emt 00:00:17]} Re8 {[%clk 01:20:18]} {[%emt
00:05:46]} 11. Qd3 {[%clk 01:21:38]} {[%emt 00:07:10]} c5 {[%clk 01:16:34]}
{[%emt 00:04:15]} 12. d5 {[%clk 01:19:28]} {[%emt 00:02:39]} exd5 {[%clk
01:14:42]} {[%emt 00:02:22]} 13. cxd5 {[%clk 01:19:50]} {[%emt 00:00:08]} Bd6
{[%clk 01:14:35]} {[%emt 00:00:37]} 14. e4 {[%clk 01:16:51]} {[%emt 00:03:29]}
a5 {[%clk 01:12:44]} {[%emt 00:02:22]} 15. Rfe1 {[%clk 01:14:36]} {[%emt
00:02:44]} Ba6 {[%clk 01:11:49]} {[%emt 00:01:26]} 16. Qc2 {[%clk 01:14:54]}
{[%emt 00:00:11]} b5 {[%clk 01:09:08]} {[%emt 00:03:11]} 17. Bf1 {[%clk
01:11:02]} {[%emt 00:04:22]} c4 {[%clk 01:07:11]} {[%emt 00:02:28]} 18. Nd4
{[%clk 01:10:58]} {[%emt 00:00:33]} b4 {[%clk 01:01:45]} {[%emt 00:05:57]} 19.
Ncb5 {[%clk 01:10:40]} {[%emt 00:00:48]} Bxb5 {[%clk 01:01:36]} {[%emt
00:00:38]} 20. Nxb5 {[%clk 01:10:59]} {[%emt 00:00:10]} Ne5 {[%clk 01:01:41]}
{[%emt 00:00:26]} 21. Bxe5 {[%clk 01:09:22]} {[%emt 00:02:07]} Bxe5 {[%clk
01:01:54]} {[%emt 00:00:18]} 22. Rad1 {[%clk 01:09:38]} {[%emt 00:00:12]} c3
{[%clk 01:00:22]} {[%emt 00:02:03]} 23. Kg2 {[%clk 01:04:58]} {[%emt 00:05:08]}
Qb6 {[%clk 00:58:23]} {[%emt 00:02:31]} 24. f4 {[%clk 01:00:18]} {[%emt
00:05:10]} Bb8 {[%clk 00:48:09]} {[%emt 00:10:44]} 25. e5 {[%clk 00:52:45]}
{[%emt 00:08:03]} Nd7 {[%clk 00:46:42]} {[%emt 00:01:57]} 26. Bd3 {[%clk
00:37:20]} {[%emt 00:15:55]} h6 {[%clk 00:45:28]} {[%emt 00:01:44]} 27. Nd4
{[%clk 00:35:04]} {[%emt 00:02:45]} Nc5 {[%clk 00:41:39]} {[%emt 00:04:20]} 28.
Bb5 {[%clk 00:33:38]} {[%emt 00:01:56]} Rf8 {[%clk 00:41:17]} {[%emt 00:00:52]}
29. Bc6 {[%clk 00:33:07]} {[%emt 00:01:00]} Ra7 {[%clk 00:40:44]} {[%emt
00:01:04]} 30. f5 {[%clk 00:32:13]} {[%emt 00:01:24]} Re7 {[%clk 00:39:16]}
{[%emt 00:01:58]} 31. f6 {[%clk 00:23:45]} {[%emt 00:08:57]} Rxe5 {[%clk
00:39:26]} {[%emt 00:00:20]} 32. fxg7 {[%clk 00:24:08]} {[%emt 00:00:07]} Kxg7
{[%clk 00:39:47]} {[%emt 00:00:10]} 33. Nf5+ {[%clk 00:24:33]} {[%emt
00:00:05]} Kh8 {[%clk 00:40:08]} {[%emt 00:00:09]} 34. Nxh6 {[%clk 00:24:50]}
{[%emt 00:00:12]} Rh5 {[%clk 00:39:29]} {[%emt 00:01:09]} 35. Nf5 {[%clk
00:21:17]} {[%emt 00:04:03]} Qd8 {[%clk 00:38:56]} {[%emt 00:01:03]} 36. Qf2
{[%clk 00:20:35]} {[%emt 00:01:12]}  1-0

[Event "1st 4NCL Easter Congress"]
[Site "Stevenage"]
[Date "2019.04.21"]
[Round "4"]
[Board "7"]
[White "Kolani, Arjun"]
[Black "Slinger, Aj (Tony)"]
[Result "1/2-1/2"]
[WhiteElo "1598"]
[BlackElo "1859"]
[PlyCount "0"]
[EventDate "2019.04.19"]
[EventRounds "7"]
[EventCountry "ENG"]

1. e4 {[%clk 01:30:30]} {[%emt 00:00:07]} e6 {[%clk 01:30:27]} {[%emt
00:08:41]} 2. d4 {[%clk 01:31:18]} {[%emt 00:00:09]} d5 {[%clk 01:30:52]}
{[%emt 00:00:04]} 3. Nc3 {[%clk 01:31:44]} {[%emt 00:00:05]} Bb4 {[%clk
01:31:08]} {[%emt 00:00:14]} 4. exd5 {[%clk 01:32:09]} {[%emt 00:00:05]} Qxd5
{[%clk 01:31:19]} {[%emt 00:00:18]} 5. Nf3 {[%clk 01:32:18]} {[%emt 00:00:21]}
Nf6 {[%clk 01:31:22]} {[%emt 00:00:26]} 6. Bd3 {[%clk 01:32:30]} {[%emt
00:00:18]} O-O {[%clk 01:25:50]} {[%emt 00:06:02]} 7. O-O {[%clk 01:32:30]}
{[%emt 00:00:31]} Qa5 {[%clk 01:25:22]} {[%emt 00:00:58]} 8. Ne4 {[%clk
01:31:58]} {[%emt 00:01:02]} Be7 {[%clk 01:21:04]} {[%emt 00:04:48]} 9. c3
{[%clk 01:29:37]} {[%emt 00:02:51]} Nbd7 {[%clk 01:21:04]} {[%emt 00:00:29]} 10.
Re1 {[%clk 01:25:40]} {[%emt 00:04:28]} c6 {[%clk 01:05:06]} {[%emt 00:16:29]}
11. Bc2 {[%clk 01:22:00]} {[%emt 00:04:11]} Re8 {[%clk 00:48:53]} {[%emt
00:16:42]} 12. Qd3 {[%clk 01:19:27]} {[%emt 00:03:03]} Nf8 {[%clk 00:48:36]}
{[%emt 00:00:46]} 13. h4 {[%clk 01:13:07]} {[%emt 00:06:51]} Qd8 {[%clk
00:37:55]} {[%emt 00:11:11]} 14. Nxf6+ {[%clk 01:06:24]} {[%emt 00:07:13]} Bxf6
{[%clk 00:38:11]} {[%emt 00:00:14]} 15. Bg5 {[%clk 01:06:35]} {[%emt 00:00:19]}
b6 {[%clk 00:34:04]} {[%emt 00:04:37]} 16. Re3 {[%clk 00:51:17]} {[%emt
00:15:48]} Bb7 {[%clk 00:32:35]} {[%emt 00:01:59]} 17. Bxf6 {[%clk 00:42:18]}
{[%emt 00:09:29]} Qxf6 {[%clk 00:32:58]} {[%emt 00:00:06]} 18. Ng5 {[%clk
00:42:13]} {[%emt 00:00:34]} Qh6 {[%clk 00:28:25]} {[%emt 00:05:04]} 19. Ne4
{[%clk 00:36:54]} {[%emt 00:05:50]} Rad8 {[%clk 00:28:39]} {[%emt 00:00:15]} 20.
Rg3 {[%clk 00:32:26]} {[%emt 00:04:58]} c5 {[%clk 00:26:14]} {[%emt 00:02:55]}
21. Qe3 {[%clk 00:32:07]} {[%emt 00:00:49]} Qxe3 {[%clk 00:25:44]} {[%emt
00:01:00]} 22. fxe3 {[%clk 00:32:30]} {[%emt 00:00:07]} Bxe4 {[%clk 00:25:58]}
{[%emt 00:00:16]} 23. Bxe4 {[%clk 00:32:54]} {[%emt 00:00:06]} Re7 {[%clk
00:24:33]} {[%emt 00:01:55]} 24. Bc6 {[%clk 00:31:42]} {[%emt 00:01:42]}
 1/2-1/2

[Event "1st 4NCL Easter Congress"]
[Site "Stevenage"]
[Date "2019.04.21"]
[Round "4"]
[Board "8"]
[White "Johnson, Richard J"]
[Black "Kapoor, Gurveen"]
[Result "1-0"]
[WhiteElo "1922"]
[BlackElo "1764"]
[PlyCount "0"]
[EventDate "2019.04.19"]
[EventRounds "7"]
[EventCountry "ENG"]

1. e4 {[%clk 01:30:57]} {[%emt 00:00:03]} e6 {[%clk 01:24:00]} {[%emt
00:07:00]} 2. d4 {[%clk 01:31:23]} {[%emt 00:00:04]} d5 {[%clk 01:24:29]}
{[%emt 00:00:02]} 3. e5 {[%clk 01:31:48]} {[%emt 00:00:05]} c5 {[%clk
01:24:56]} {[%emt 00:00:03]} 4. c3 {[%clk 01:32:16]} {[%emt 00:00:02]} Bd7
{[%clk 01:25:23]} {[%emt 00:00:03]} 5. Nf3 {[%clk 01:32:31]} {[%emt 00:00:14]}
a6 {[%clk 01:25:41]} {[%emt 00:00:12]} 6. Be3 {[%clk 01:30:23]} {[%emt
00:02:37]} Qb6 {[%clk 01:23:20]} {[%emt 00:02:52]} 7. Qd2 {[%clk 01:30:46]}
{[%emt 00:00:06]} cxd4 {[%clk 01:18:09]} {[%emt 00:05:42]} 8. cxd4 {[%clk
01:31:09]} {[%emt 00:00:07]} Bb5 {[%clk 01:17:41]} {[%emt 00:00:57]} 9. Bxb5+
{[%clk 01:24:30]} {[%emt 00:07:09]} axb5 {[%clk 01:17:47]} {[%emt 00:00:24]} 10.
O-O {[%clk 01:20:24]} {[%emt 00:04:36]} b4 {[%clk 01:03:16]} {[%emt 00:15:02]}
11. Qd3 {[%clk 01:19:54]} {[%emt 00:01:00]} Nc6 {[%clk 00:56:58]} {[%emt
00:06:47]} 12. Nbd2 {[%clk 01:20:09]} {[%emt 00:00:15]} Be7 {[%clk 00:44:14]}
{[%emt 00:13:14]} 13. Nb3 {[%clk 01:12:47]} {[%emt 00:07:52]} h5 {[%clk
00:36:58]} {[%emt 00:07:47]} 14. Rfc1 {[%clk 01:06:34]} {[%emt 00:06:43]} Nh6
{[%clk 00:35:53]} {[%emt 00:01:35]} 15. Nc5 {[%clk 00:55:08]} {[%emt 00:11:56]}
Nf5 {[%clk 00:34:53]} {[%emt 00:01:31]} 16. Nb3 {[%clk 00:50:25]} {[%emt
00:05:13]} Rc8 {[%clk 00:24:30]} {[%emt 00:10:53]} 17. a4 {[%clk 00:48:15]}
{[%emt 00:02:39]} bxa3 {[%clk 00:19:07]} {[%emt 00:05:53]} 18. bxa3 {[%clk
00:48:40]} {[%emt 00:00:05]} O-O {[%clk 00:19:18]} {[%emt 00:00:20]} 19. Rcb1
{[%clk 00:43:07]} {[%emt 00:06:03]} Qa7 {[%clk 00:16:08]} {[%emt 00:03:39]} 20.
Qb5 {[%clk 00:37:58]} {[%emt 00:05:39]} Rc7 {[%clk 00:10:11]} {[%emt 00:06:27]}
21. a4 {[%clk 00:35:26]} {[%emt 00:03:02]} Rfc8 {[%clk 00:09:37]} {[%emt
00:01:04]} 22. Rc1 {[%clk 00:34:38]} {[%emt 00:01:18]} Ncxd4 {[%clk 00:06:41]}
{[%emt 00:03:26]} 23. Rxc7 {[%clk 00:32:43]} {[%emt 00:02:25]} Rxc7 {[%clk
00:03:53]} {[%emt 00:03:19]} 24. Bxd4 {[%clk 00:30:26]} {[%emt 00:02:46]} Nxd4
{[%clk 00:03:49]} {[%emt 00:00:33]} 25. Nfxd4 {[%clk 00:30:14]} {[%emt
00:00:43]} Kf8 {[%clk 00:02:37]} {[%emt 00:01:42]} 26. Rd1 {[%clk 00:27:42]}
{[%emt 00:03:02]} Rc4 {[%clk 00:02:41]} {[%emt 00:00:26]} 27. a5 {[%clk
00:25:08]} {[%emt 00:03:04]} Rb4 {[%clk 00:02:38]} {[%emt 00:00:33]} 28. Qd7
{[%clk 00:24:44]} {[%emt 00:00:54]} g6 {[%clk 00:02:24]} {[%emt 00:00:44]} 29.
Nc6 {[%clk 00:24:40]} {[%emt 00:00:35]} bxc6 {[%clk 00:01:23]} {[%emt
00:01:31]} 30. Qxa7 {[%clk 00:25:03]} {[%emt 00:00:05]} Rxb3 {[%clk 00:01:48]}
{[%emt 00:00:05]} 31. Qa8+ {[%clk 00:24:25]} {[%emt 00:01:09]} Kg7 {[%clk
00:02:14]} {[%emt 00:00:05]} 32. Qxc6 {[%clk 00:24:50]} {[%emt 00:00:04]} Bb4
{[%clk 00:01:13]} {[%emt 00:01:30]} 33. a6 {[%clk 00:24:48]} {[%emt 00:00:32]}
Rc3 {[%clk 00:01:15]} {[%emt 00:00:29]} 34. Qxc3 {[%clk 00:23:57]} {[%emt
00:01:21]} Bxc3 {[%clk 00:01:37]} {[%emt 00:00:07]} 35. a7 {[%clk 00:24:23]}
{[%emt 00:00:05]} Bxe5 {[%clk 00:01:51]} {[%emt 00:00:16]} 36. a8=Q {[%clk
00:24:44]} {[%emt 00:00:09]} Kf6 {[%clk 00:02:09]} {[%emt 00:00:12]} 37. g3
{[%clk 00:24:59]} {[%emt 00:00:15]} Kg7 {[%clk 00:01:43]} {[%emt 00:00:57]} 38.
f4 {[%clk 00:24:58]} {[%emt 00:00:30]} Bf6 {[%clk 00:01:50]} {[%emt 00:00:23]}
39. Kg2 {[%clk 00:25:09]} {[%emt 00:00:19]} h4 {[%clk 00:02:06]} {[%emt
00:00:14]} 40. g4 {[%clk 00:24:58]} {[%emt 00:00:41]} g5 {[%clk 00:01:50]}
{[%emt 00:00:47]} 41. f5 {[%clk 00:25:22]} {[%emt 00:00:06]} exf5 {[%clk
00:02:10]} {[%emt 00:00:10]} 42. gxf5 {[%clk 00:25:47]} {[%emt 00:00:05]} d4
{[%clk 00:02:34]} {[%emt 00:00:06]} 43. Qd5 {[%clk 00:26:02]} {[%emt 00:00:15]}
g4 {[%clk 00:01:47]} {[%emt 00:01:17]} 44. Rb1 {[%clk 00:26:15]} {[%emt
00:00:17]} d3 {[%clk 00:01:41]} {[%emt 00:00:37]} 45. Qxd3 {[%clk 00:26:24]}
{[%emt 00:00:20]} Kh6 {[%clk 00:01:58]} {[%emt 00:00:13]} 46. Rb6 {[%clk
00:26:27]} {[%emt 00:00:27]} Kg5 {[%clk 00:02:19]} {[%emt 00:00:09]} 47. Qe4
{[%clk 00:26:22]} {[%emt 00:00:35]} h3+ {[%clk 00:02:08]} {[%emt 00:00:41]} 48.
Kg3 {[%clk 00:26:41]} {[%emt 00:00:10]} Be5+ {[%clk 00:01:59]} {[%emt
00:00:40]} 49. Qxe5 {[%clk 00:26:59]} {[%emt 00:00:12]} Kh5 {[%clk 00:02:15]}
{[%emt 00:00:14]} 50. Qh8+ {[%clk 00:26:56]} {[%emt 00:00:33]} Kg5 {[%clk
00:02:37]} {[%emt 00:00:09]} 51. Qh4+ {[%clk 00:26:57]} {[%emt 00:00:28]}  1-0

[Event "1st 4NCL Easter Congress"]
[Site "Stevenage"]
[Date "2019.04.21"]
[Round "4"]
[Board "9"]
[White "Zhu, Hou Ning"]
[Black "Gibbs, Dominic V"]
[Result "0-1"]
[WhiteElo "1475"]
[BlackElo "1946"]
[PlyCount "0"]
[EventDate "2019.04.19"]
[EventRounds "7"]
[EventCountry "ENG"]

1. c4 {[%clk 01:30:43]} {[%emt 00:00:18]} f5 {[%clk 01:30:10]} {[%emt
00:00:51]} 2. g3 {[%clk 01:31:03]} {[%emt 00:00:09]} Nf6 {[%clk 01:30:15]}
{[%emt 00:00:25]} 3. Bg2 {[%clk 01:31:22]} {[%emt 00:00:11]} d6 {[%clk
01:30:22]} {[%emt 00:00:22]} 4. d4 {[%clk 01:30:52]} {[%emt 00:01:01]} g6
{[%clk 01:30:28]} {[%emt 00:00:24]} 5. Nc3 {[%clk 01:31:02]} {[%emt 00:00:21]}
Bg7 {[%clk 01:30:51]} {[%emt 00:00:06]} 6. Nf3 {[%clk 01:31:01]} {[%emt
00:00:31]} O-O {[%clk 01:31:08]} {[%emt 00:00:13]} 7. O-O {[%clk 01:30:52]}
{[%emt 00:00:38]} c6 {[%clk 01:31:21]} {[%emt 00:00:18]} 8. d5 {[%clk
01:29:48]} {[%emt 00:01:34]} e5 {[%clk 01:31:27]} {[%emt 00:00:24]} 9. Be3
{[%clk 01:27:14]} {[%emt 00:03:05]} c5 {[%clk 01:27:31]} {[%emt 00:04:25]} 10.
Qd2 {[%clk 01:24:22]} {[%emt 00:03:22]} Nbd7 {[%clk 01:21:21]} {[%emt
00:06:39]} 11. Rfd1 {[%clk 01:21:41]} {[%emt 00:03:10]} Nb6 {[%clk 01:16:19]}
{[%emt 00:05:32]} 12. b3 {[%clk 01:21:35]} {[%emt 00:00:37]} Ng4 {[%clk
01:14:10]} {[%emt 00:02:38]} 13. Bg5 {[%clk 01:19:01]} {[%emt 00:03:04]} Qd7
{[%clk 01:08:08]} {[%emt 00:06:32]} 14. h3 {[%clk 01:18:17]} {[%emt 00:01:15]}
e4 {[%clk 01:04:56]} {[%emt 00:03:42]} 15. hxg4 {[%clk 01:10:30]} {[%emt
00:08:17]} exf3 {[%clk 01:05:13]} {[%emt 00:00:13]} 16. exf3 {[%clk 01:08:06]}
{[%emt 00:02:54]} fxg4 {[%clk 01:05:00]} {[%emt 00:00:43]} 17. fxg4 {[%clk
01:07:36]} {[%emt 00:01:00]} Qxg4 {[%clk 01:04:34]} {[%emt 00:00:56]} 18. Be3
{[%clk 01:07:00]} {[%emt 00:01:07]} Bf5 {[%clk 01:00:49]} {[%emt 00:04:14]} 19.
Rac1 {[%clk 01:00:58]} {[%emt 00:06:33]} a6 {[%clk 01:00:27]} {[%emt 00:00:52]}
20. Bf4 {[%clk 00:56:21]} {[%emt 00:05:07]} Rad8 {[%clk 00:40:46]} {[%emt
00:20:11]} 21. Re1 {[%clk 00:52:08]} {[%emt 00:04:44]} Bc8 {[%clk 00:35:31]}
{[%emt 00:05:45]} 22. Ne4 {[%clk 00:48:57]} {[%emt 00:03:41]} Bd4 {[%clk
00:27:04]} {[%emt 00:08:57]} 23. Be3 {[%clk 00:45:56]} {[%emt 00:03:30]} Be5
{[%clk 00:24:23]} {[%emt 00:03:11]} 24. Nxc5 {[%clk 00:24:54]} {[%emt
00:21:32]} dxc5 {[%clk 00:23:00]} {[%emt 00:01:53]} 25. Bxc5 {[%clk 00:25:01]}
{[%emt 00:00:24]} Nd7 {[%clk 00:22:09]} {[%emt 00:01:21]} 26. Bxf8 {[%clk
00:25:14]} {[%emt 00:00:18]} Rxf8 {[%clk 00:21:51]} {[%emt 00:00:48]} 27. Re4
{[%clk 00:25:22]} {[%emt 00:00:22]} Qf5 {[%clk 00:17:03]} {[%emt 00:05:18]} 28.
Rce1 {[%clk 00:22:36]} {[%emt 00:03:16]} Bd6 {[%clk 00:14:18]} {[%emt
00:03:14]} 29. Re8 {[%clk 00:21:14]} {[%emt 00:01:52]} Ne5 {[%clk 00:10:38]}
{[%emt 00:04:10]} 30. Rxf8+ {[%clk 00:21:00]} {[%emt 00:00:43]} Qxf8 {[%clk
00:10:29]} {[%emt 00:00:40]} 31. Qf4 {[%clk 00:20:18]} {[%emt 00:01:13]} Nf7
{[%clk 00:08:30]} {[%emt 00:02:28]} 32. Qe4 {[%clk 00:17:58]} {[%emt 00:02:50]}
Bd7 {[%clk 00:08:34]} {[%emt 00:00:26]} 33. Qc2 {[%clk 00:14:57]} {[%emt
00:03:31]} Ng5 {[%clk 00:06:06]} {[%emt 00:02:57]} 34. Rc1 {[%clk 00:13:23]}
{[%emt 00:02:05]} Bc5 {[%clk 00:05:32]} {[%emt 00:01:04]} 35. b4 {[%clk
00:11:25]} {[%emt 00:02:29]} Bxb4 {[%clk 00:04:03]} {[%emt 00:01:58]} 36. c5
{[%clk 00:11:28]} {[%emt 00:00:28]} Ba3 {[%clk 00:04:17]} {[%emt 00:00:16]} 37.
c6 {[%clk 00:07:45]} {[%emt 00:04:13]} Bf5 {[%clk 00:01:50]} {[%emt 00:02:56]}
38. cxb7 {[%clk 00:05:26]} {[%emt 00:02:50]} Bxc2 {[%clk 00:01:14]} {[%emt
00:01:06]} 39. Rxc2 {[%clk 00:05:43]} {[%emt 00:00:13]} Bd6 {[%clk 00:01:15]}
{[%emt 00:00:29]} 40. Rc8 {[%clk 00:06:07]} {[%emt 00:00:06]} Kg7 {[%clk
00:01:28]} {[%emt 00:00:16]} 41. Rxf8 {[%clk 00:05:46]} {[%emt 00:00:52]} Kxf8
{[%clk 00:01:57]} {[%emt 00:00:01]} 42. f4 {[%clk 00:05:12]} {[%emt 00:01:04]}
Nf7 {[%clk 00:02:16]} {[%emt 00:00:11]} 43. Bf1 {[%clk 00:05:14]} {[%emt
00:00:28]} a5 {[%clk 00:02:21]} {[%emt 00:00:24]} 44. Bd3 {[%clk 00:05:14]}
{[%emt 00:00:29]} Ke7 {[%clk 00:01:46]} {[%emt 00:01:05]} 45. Kg2 {[%clk
00:04:44]} {[%emt 00:01:01]} Kd8 {[%clk 00:02:02]} {[%emt 00:00:14]} 46. Kf3
{[%clk 00:04:16]} {[%emt 00:00:58]} Kc7 {[%clk 00:02:05]} {[%emt 00:00:26]} 47.
Bb1 {[%clk 00:04:07]} {[%emt 00:00:39]} Kxb7 {[%clk 00:01:47]} {[%emt
00:00:48]} 48. f5 {[%clk 00:04:24]} {[%emt 00:00:14]} Ne5+ {[%clk 00:01:44]}
{[%emt 00:00:32]} 49. Ke4 {[%clk 00:04:33]} {[%emt 00:00:22]} gxf5+ {[%clk
00:01:51]} {[%emt 00:00:22]} 50. Kxf5 {[%clk 00:04:33]} {[%emt 00:00:30]} Nc4
{[%clk 00:01:41]} {[%emt 00:00:39]} 51. Kg4 {[%clk 00:04:38]} {[%emt 00:00:25]}
Kb6 {[%clk 00:01:34]} {[%emt 00:00:38]} 52. Bxh7 {[%clk 00:04:52]} {[%emt
00:00:15]} Ne3+ {[%clk 00:01:43]} {[%emt 00:00:21]} 53. Kf3 {[%clk 00:05:07]}
{[%emt 00:00:15]} Nxd5 {[%clk 00:01:58]} {[%emt 00:00:15]} 54. Bg8 {[%clk
00:05:22]} {[%emt 00:00:15]} Kc5 {[%clk 00:01:33]} {[%emt 00:00:54]} 55. g4
{[%clk 00:04:51]} {[%emt 00:01:01]} Be7 {[%clk 00:01:40]} {[%emt 00:00:23]} 56.
Ke2 {[%clk 00:04:29]} {[%emt 00:00:52]} Bg5 {[%clk 00:01:02]} {[%emt 00:01:09]}
57. Kd3 {[%clk 00:04:28]} {[%emt 00:00:31]} Nb4+ {[%clk 00:01:12]} {[%emt
00:00:20]} 58. Kc3 {[%clk 00:04:06]} {[%emt 00:00:52]} Bf6+ {[%clk 00:01:37]}
{[%emt 00:00:04]} 59. Kd2 {[%clk 00:04:27]} {[%emt 00:00:08]} Kd4 {[%clk
00:01:43]} {[%emt 00:00:24]} 60. Kc1 {[%clk 00:03:47]} {[%emt 00:01:12]} Ke4
{[%clk 00:01:31]} {[%emt 00:00:41]} 61. a3 {[%clk 00:03:49]} {[%emt 00:00:29]}
Nd3+ {[%clk 00:01:35]} {[%emt 00:00:25]} 62. Kc2 {[%clk 00:03:56]} {[%emt
00:00:23]} Ne5 {[%clk 00:01:38]} {[%emt 00:00:26]} 63. Be6 {[%clk 00:03:19]}
{[%emt 00:01:08]} Kf4 {[%clk 00:01:55]} {[%emt 00:00:12]} 64. Kb3 {[%clk
00:03:29]} {[%emt 00:00:20]} Nxg4 {[%clk 00:02:04]} {[%emt 00:00:21]} 65. Bxg4
{[%clk 00:03:38]} {[%emt 00:00:22]} Kxg4 {[%clk 00:02:23]} {[%emt 00:00:11]} 66.
Kc4 {[%clk 00:03:42]} {[%emt 00:00:26]} Kf3 {[%clk 00:02:41]} {[%emt 00:00:12]}
67. Kd3 {[%clk 00:03:58]} {[%emt 00:00:14]} Be7 {[%clk 00:02:24]} {[%emt
00:00:47]} 68. a4 {[%clk 00:04:24]} {[%emt 00:00:04]} Bb4 {[%clk 00:02:48]}
{[%emt 00:00:06]} 69. Kd4 {[%clk 00:04:21]} {[%emt 00:00:33]} Ke2 {[%clk
00:03:10]} {[%emt 00:00:09]} 70. Kc4 {[%clk 00:04:47]} {[%emt 00:00:03]} Kd2
{[%clk 00:03:35]} {[%emt 00:00:05]} 71. Kb3 {[%clk 00:04:43]} {[%emt 00:00:35]}
Kd3 {[%clk 00:03:51]} {[%emt 00:00:14]} 72. Kb2 {[%clk 00:04:49]} {[%emt
00:00:23]} Kc4 {[%clk 00:04:13]} {[%emt 00:00:08]} 73. Ka2 {[%clk 00:04:49]}
{[%emt 00:00:30]} Kc3 {[%clk 00:04:33]} {[%emt 00:00:10]} 74. Kb1 {[%clk
00:05:13]} {[%emt 00:00:06]} Kb3 {[%clk 00:04:57]} {[%emt 00:00:07]} 75. Kc1
{[%clk 00:05:28]} {[%emt 00:00:15]} Kxa4 {[%clk 00:05:18]} {[%emt 00:00:08]} 76.
Kb2 {[%clk 00:05:47]} {[%emt 00:00:11]} Bd6 {[%clk 00:05:32]} {[%emt 00:00:15]}
77. Ka2 {[%clk 00:06:07]} {[%emt 00:00:11]} Be5 {[%clk 00:05:50]} {[%emt
00:00:11]} 78. Kb1 {[%clk 00:06:32]} {[%emt 00:00:06]} Kb3 {[%clk 00:06:15]}
{[%emt 00:00:05]} 79. Kc1 {[%clk 00:06:53]} {[%emt 00:00:10]} a4 {[%clk
00:06:37]} {[%emt 00:00:08]} 80. Kd2 {[%clk 00:07:06]} {[%emt 00:00:16]} a3
{[%clk 00:06:59]} {[%emt 00:00:09]} 81. Kd3 {[%clk 00:07:28]} {[%emt 00:00:07]}
a2 {[%clk 00:07:18]}  0-1